| 000 | 00694nam a2200193 4500 | ||
|---|---|---|---|
| 003 | OSt | ||
| 005 | 20221117171238.0 | ||
| 008 | 221117b |||||||| |||| 00| 0 eng d | ||
| 040 | _cBiblioteca Lado V | ||
| 082 |
_a700.74 _bT882v |
||
| 100 |
_9470 _aTsong-zung, Chang _ecurador |
||
| 245 |
_aThe 49th Venice Biennal/ _bVenice HongKong Magic at Street Level Magia di strada 2001/ |
||
| 260 |
_bHong Kong Arts Development Council _aHong Kong _c2001 |
||
| 300 |
_a64p. _c21x29cm |
||
| 650 |
_2Tesauro de Arte & Arquitectura _aARTE |
||
| 650 |
_2Tesauro de Arte & Arquitectura _aBIENAL |
||
| 650 |
_2Tesauro de Arte & Arquitectura _aCATALOGO |
||
| 942 |
_2ddc _c1 _h700.74 _iT882v |
||
| 999 |
_c2695 _d2695 |
||